| 000 | 00536cam a22001577a 4500 | ||
|---|---|---|---|
| 008 | 180718b2002 xxu||||| |||| 00| 0 eng d | ||
| 020 | _a0821351117 | ||
| 082 | _aR1x8 G41 | ||
| 245 |
_aCrafting labor policy: techniques and lessons from Latin America _cedited by Indermit S. Gill, Claudio E. Montenegro and Dorte Domeland |
||
| 260 |
_aWashington, D.C. _bWorld Bank _c2002 |
||
| 300 | _a279p. | ||
| 650 | _aLabour policy - Latin America | ||
| 700 | _aDomeland, Dorte | ||
| 700 | _aMontenegro, Claudio E. | ||
| 700 | _aGill, Indermit S. | ||
| 999 |
_c288354 _d288354 |
||